LEADER 01303nam a2200217 i 4500 001 000000143706 003 CaOOAMICUS 005 20051011000000.0 008 051011s1912 it u000 u ita u 013 $a119064 040 $aSeMil$bita 100 1 $aRiva, Giuseppe$b.$0(OLS)http://semarc/name/89791 245 10$aGiardino spirituale di istruzioni e preghiere utilissimo a chicchessia specialmente ai giovani ed alle persone occupate per l'esercizio della pietà con un Compendio della Dottrina Cristiana e ricordi del Parroco ai Fanciulli... /$copera del Sac. Milanese Giuseppe Riva già Penitenziere della Metropolitana. 260 $aMilano :$bMajocchi,$c1912. 300 $a416 p. :$bill. ;$c14 cm. 650 4$aPreghiere - Testi.$0(OLS)http://semarc/subject/6541 850 $aSeMil 852 $aSeMil$W1$xVenegono$y1$m920 2 *$j96759$B96759$CSeMilBibl$Z2$F104139 $81 961 $aRecupero: Biblioteca Seminario Saronno 996 $6245$aGiardino spirituale di istruzioni e preghiere utilissimo a chicchessia specialmente ai giovani ed alle persone occupate per l'esercizio della pietà con un Compendio della Dottrina Cristiana e ricordi del Parroco ai Fanciulli...$9(OLS)http://semarc/title/210323 996 $6260$aMilano :$bMajocchi$9(OLS)http://semarc/publisher/31056